Màquina para el aprovechamiento del oleaje del mar como fuerza motriz : patente núm. 93263 / [Antonio Llena Viladot, José Sanromá Gibert] patente núm. 93263 / [Antonio Llena Viladot, José Sanromá Gibert]
Descripción Física:
15 p. ; 25 cm
Otros Autores:
Sanromá Gibert, José
MARC
| LEADER | 00000nam a2200000Ia 4500 | ||
|---|---|---|---|
| 001 | 18505 | ||
| 008 | 160829s1925 xx 000 0 cat d | ||
| 080 | |a RF-3-24 | ||
| 100 | |a Llena Viladot, Antonio |9 47271 | ||
| 245 | |a Màquina para el aprovechamiento del oleaje del mar como fuerza motriz : |b patente núm. 93263 / [Antonio Llena Viladot, José Sanromá Gibert] | ||
| 260 | |a Barcelona : |b Sanromá y Llena, |c 1925 | ||
| 300 | |a 15 p. ; |c 25 cm | ||
| 590 | |a Prové de 4176, exp. 76 | ||
| 650 | |a Enginyeria mecànica |x Patents |9 47272 | ||
| 650 | |a Onades |9 47273 | ||
| 700 | |a Sanromá Gibert, José |9 47274 | ||
| 856 | 4 | |u https://media.diba.cat/diba/fitxers/arxiu/fulletons/bib_18505_1925_baixa.pdf |y Accés lliure | |
| 856 | 4 | |u https://media.diba.cat/diba/fitxers/arxiu/fulletons/bib_18505_1925_baixa.pdf |y Accés lliure | |
| 901 | |a Arxiu | ||
| 942 | |n 1 |2 udc | ||
| 952 | |0 0 |1 0 |4 0 |6 RF324 |7 1 |9 53791 |a Arxiu |b Arxiu |d 2016-12-01 |l 0 |o RF-3-24 |p 18505 |r 2016-12-01 00:00:00 |w 2016-12-01 |y ARXIU | ||
| 999 | |c 57657 |d 57657 | ||
| 900 | |a bib_18505_1925_baixa.pdf | ||